[Event "24th Dubai Open A 2024"]
[Site "Dubai UAE"]
[Date "2024.05.29"]
[Round "5.32"]
[White "Lee, Junhyeok"]
[Black "Mendes Aaron Reeve"]
[Result "1/2-1/2"]
[WhiteTitle "IM"]
[BlackTitle "FM"]
[WhiteElo "2381"]
[BlackElo "2306"]
[WhiteFideId "13202340"]
[BlackFideId "25954938"]
[EventDate "2024.05.25"]

1. Nf3 Nf6 2. g3 g6 3. b3 Bg7 4. Bb2 O-O 5. Bg2 b6 6. c4 Bb7 7. O-O c5 8. d4
cxd4 9. Qxd4 Nc6 10. Qf4 d6 11. Nc3 Nd7 12. Rfd1 a6 13. Qd2 Rc8 14. Rac1 Ba8 15.
Nd5 Bxb2 16. Qxb2 Nce5 17. Nd4 e6 18. Nc3 Bxg2 19. Kxg2 Qc7 20. Qd2 Rfd8 21. f3
Nf6 22. e4 Qb7 23. Qe3 Kg7 24. h3 Nc6 25. a4 Na5 26. Rb1 Qc7 27. Nde2 Qc5 28.
Qd2 Qc6 29. Na2 Qb7 30. Nac3 Nc6 31. Qe3 Nb4 32. Rd2 Rd7 33. Rbd1 Rcd8 34. g4 h6
35. h4 Qc6 36. g5 Nh5 37. Nf4 Nxf4+ 38. Qxf4 h5 39. Qe3 Qc5 40. Qxc5 bxc5 41. a5
Nc6 42. Na4 Nxa5 43. Nxc5 Rc7 44. Nxa6 Rc6 45. Nb4 Rb6 46. Nd3 Rxb3 47. Ne5 Rc8
48. Rxd6 Nxc4 49. Nxc4 Rxc4 50. R6d3 Rc2+ 51. R1d2 Rbc3 1/2-1/2

[Event "24th Dubai Open A 2024"]
[Site "Dubai UAE"]
[Date "2024.05.29"]
[Round "5.33"]
[White "Zherebtsova, Alexandra"]
[Black "Xie, Felix"]
[Result "0-1"]
[WhiteTitle "FM"]
[BlackTitle "FM"]
[WhiteElo "2302"]
[BlackElo "2359"]
[WhiteFideId "24129518"]
[BlackFideId "4308174"]
[EventDate "2024.05.25"]

1. d4 Nf6 2. c4 e6 3. Nc3 Bb4 4. e3 O-O 5. Bd2 c5 6. a3 Bxc3 7. Bxc3 Ne4 8. Ne2
b6 9. d5 Ba6 10. Qd3 exd5 11. Qxd5 Qe7 12. Rd1 Nc6 13. Qxd7 Qxd7 14. Rxd7 Bxc4
15. f3 Nxc3 16. Nxc3 Ne5 17. Rd2 Rfd8 18. e4 Bxf1 19. Rxf1 Nd3+ 20. Ke2 Nf4+ 21.
Ke3 Rxd2 22. Kxd2 Rd8+ 23. Nd5 Nxd5 24. exd5 Rxd5+ 25. Kc3 f6 26. Rf2 a6 27. b4
Kf7 28. Re2 h5 29. Kc4 Rd4+ 30. Kc3 Rd1 31. bxc5 Rc1+ 32. Kd4 Rxc5 33. Rb2 Rc6
34. Kd5 Re6 35. Rc2 Re3 36. a4 Ra3 37. Kc6 Rb3 38. a5 bxa5 39. Kc5 Rb4 40. Ra2
Ke6 41. Re2+ Kf5 42. Re7 g5 43. Re2 Kf4 44. Kd5 f5 45. Ra2 h4 46. Ra3 Rb2 47.
Ra4+ Ke3 48. Ke6 Rb5 49. f4 gxf4 50. Kf6 h3 51. Ra3+ Kf2 52. gxh3 f3 53. Ra2+
Kg1 0-1

[Event "24th Dubai Open A 2024"]
[Site "Dubai UAE"]
[Date "2024.05.30"]
[Round "6.1"]
[White "Muradli, Mahammad"]
[Black "Erdogmus, Yagiz Kaan"]
[Result "1/2-1/2"]
[WhiteTitle "GM"]
[BlackTitle "IM"]
[WhiteElo "2560"]
[BlackElo "2553"]
[WhiteFideId "13409301"]
[BlackFideId "44599790"]
[EventDate "2024.05.25"]

1. d4 d5 2. Nf3 Bf5 3. c4 e6 4. Bf4 Bxb1 5. Rxb1 Bb4+ 6. Bd2 Bxd2+ 7. Qxd2 Nf6
8. Qb4 b6 9. e3 Nbd7 10. cxd5 Nxd5 11. Qb3 a6 12. Bc4 N5f6 13. O-O O-O 14. Rfd1
Qe7 15. Be2 Rfc8 16. Ne5 Nxe5 17. dxe5 Nd7 18. Qc3 b5 19. Rd2 c5 20. f4 Nb6 21.
Bf3 b4 22. Qc2 Rab8 23. Rd6 c4 24. Rbd1 g6 25. Qf2 c3 26. b3 a5 27. Be4 a4 28.
Bc2 axb3 29. axb3 Qc7 30. e4 Nc4 31. Rd7 Qb6 32. bxc4 Qxf2+ 33. Kxf2 b3 34. Bxb3
Rxb3 35. Rd8+ Rxd8 36. Rxd8+ Kg7 37. Rd1 Rb4 38. Ke3 Rxc4 39. Rc1 g5 40. Kd3 Rc5
41. Kd4 Rc8 42. fxg5 Kg6 43. Rxc3 Rxc3 44. Kxc3 Kxg5 45. Kd3 Kf4 46. Kd4 h5 47.
Kd3 Kxe5 48. Ke3 1/2-1/2

[Event "24th Dubai Open A 2024"]
[Site "Dubai UAE"]
[Date "2024.05.30"]
[Round "6.2"]
[White "Iniyan, Pa"]
[Black "Aronyak, Ghosh"]
[Result "1/2-1/2"]
[WhiteTitle "GM"]
[BlackTitle "IM"]
[WhiteElo "2493"]
[BlackElo "2528"]
[WhiteFideId "25002767"]
[BlackFideId "25072846"]
[EventDate "2024.05.25"]

1. d4 d5 2. c4 c6 3. Nc3 Nf6 4. Nf3 dxc4 5. a4 Bf5 6. e3 e6 7. Bxc4 Bb4 8. O-O
O-O 9. Qe2 Bg6 10. Ne5 Nbd7 11. Nxg6 hxg6 12. Rd1 Qe7 13. e4 e5 14. d5 Nb6 15.
Bb3 cxd5 16. exd5 Nc8 17. Re1 Re8 18. a5 Nd6 19. a6 b5 20. Bd2 Rac8 21. Red1 e4
22. Rac1 Qe5 23. Be3 Bc5 24. h3 Bxe3 25. Qxe3 Rc7 26. Qd4 Qxd4 27. Rxd4 Nd7 28.
Rb4 Rb8 29. Ra1 Nc5 30. Bc2 f5 31. Ra5 Rb6 32. Nxb5 Rd7 33. Bd1 Nxa6 34. Rba4
Nc5 35. Nxa7 Nxa4 36. Bxa4 Nc4 37. Rc5 Rxa7 38. Rxc4 Rxb2 39. d6 Rd2 40. d7 Kf7
41. Rc8 Rxa4 42. d8=Q Rxd8 43. Rxd8 f4 44. Kh2 g5 45. Rb8 Kf6 46. Rb6+ Ke5 47.
Rb5+ Kf6 48. Rb6+ Ke5 49. Rb5+ Kd4 50. Rxg5 Ra2 51. Rxg7 Rxf2 52. h4 Ra2 53.
Rd7+ Ke3 54. Kh3 Ra1 55. Rb7 Ra5 56. Kg4 Ra2 57. Rb3+ Kd4 58. Kxf4 Rxg2 59. Rb4+ 1/2-1/2

[Event "24th Dubai Open A 2024"]
[Site "Dubai UAE"]
[Date "2024.05.30"]
[Round "6.3"]
[White "Sethuraman, S.P."]
[Black "Sadhwani, Raunak"]
[Result "0-1"]
[WhiteTitle "GM"]
[BlackTitle "GM"]
[WhiteElo "2588"]
[BlackElo "2654"]
[WhiteFideId "5021596"]
[BlackFideId "35093487"]
[EventDate "2024.05.25"]

1. e4 c6 2. d4 d5 3. e5 Bf5 4. h4 h5 5. Bd3 Bxd3 6. Qxd3 e6 7. Nf3 Qa5+ 8. Nbd2
Qa6 9. c4 Bb4 10. O-O Ne7 11. b3 c5 12. Qc2 cxd4 13. Nxd4 Nd7 14. N2f3 Rc8 15.
a3 Bc5 16. Nb5 dxc4 17. bxc4 Nf5 18. Rd1 Nb6 19. Bg5 O-O 20. Kh2 Qa4 21. Qxa4
Nxa4 22. Rd2 a6 23. Nbd4 Nxd4 24. Nxd4 Nb6 25. Nb3 Nxc4 26. Nxc5 Nxd2 27. Nxb7
Ne4 28. Be7 Nxf2 29. Bxf8 Kxf8 30. Re1 Ng4+ 31. Kg3 Ke7 32. Kf4 Rc4+ 33. Re4 Rc2
34. Na5 f6 35. exf6+ gxf6 36. Ra4 Ne5 37. Nb7 Rc7 38. Na5 Rc3 39. Nb7 Ng6+ 40.
Ke4 Rc7 41. Na5 Nxh4 42. Nb3 Rc3 43. Nd2 Rc6 44. g3 Nf5 45. Kf4 Nd6 46. Ke3 e5
47. Kd3 Nb5 48. Nc4 Ke6 49. Rb4 Nd6 50. Nd2 Nf5 51. Ne4 Nd6 52. Nd2 Kf5 53. Rh4
Kg5 54. Rb4 Rc5 55. Ke2 Rc2 56. Kd3 Ra2 57. Ra4 a5 58. Nf3+ Kh6 59. Ne1 Ra1 60.
Ke2 Nf5 61. Rxa5 Nxg3+ 62. Kf2 Ne4+ 63. Ke2 Nc3+ 64. Kf2 Kg5 65. Ra8 Ra2+ 66.
Kg3 Ne2+ 67. Kf3 Ng1+ 0-1

[Event "24th Dubai Open A 2024"]
[Site "Dubai UAE"]
[Date "2024.05.30"]
[Round "6.4"]
[White "Pang, Tao"]
[Black "Ivic, Velimir"]
[Result "0-1"]
[WhiteTitle "IM"]
[BlackTitle "GM"]
[WhiteElo "2496"]
[BlackElo "2595"]
[WhiteFideId "8609950"]
[BlackFideId "950122"]
[EventDate "2024.05.25"]

1. Nf3 Nf6 2. c4 g6 3. Nc3 Bg7 4. e4 d6 5. d4 O-O 6. Be2 e5 7. O-O Bg4 8. d5 a5
9. Ne1 Bd7 10. Nd3 Na6 11. f4 exf4 12. Bxf4 Nb4 13. e5 Ne8 14. exd6 Nxd6 15. c5
Bd4+ 16. Kh1 Nxd3 17. cxd6 Nxf4 18. Qxd4 Nxe2 19. Nxe2 cxd6 20. Rf6 Rc8 21. Nc3
Rc4 22. Qxc4 Qxf6 23. Rf1 Qd8 24. Qf4 Qe7 25. b4 a4 26. h3 f5 27. b5 Rc8 28. Qb4
Rc5 29. b6 Qe5 30. Nxa4 Rc2 31. Qh4 Qe4 32. Qd8+ Be8 33. Rg1 f4 34. Qxd6 Bxa4
35. Qb8+ Be8 36. Qxb7 f3 37. Qb8 Rxg2 38. Rxg2 f2 0-1

[Event "24th Dubai Open A 2024"]
[Site "Dubai UAE"]
[Date "2024.05.30"]
[Round "6.5"]
[White "Jumabayev, Rinat"]
[Black "Movahed, Sina"]
[Result "0-1"]
[WhiteTitle "GM"]
[BlackTitle "IM"]
[WhiteElo "2595"]
[BlackElo "2463"]
[WhiteFideId "13702661"]
[BlackFideId "42520835"]
[EventDate "2024.05.25"]

1. c4 Nf6 2. Nc3 e6 3. e4 c5 4. e5 Ng8 5. Nf3 Nc6 6. d4 cxd4 7. Nxd4 Qa5 8. f4
Nh6 9. Be2 Qb6 10. Nc2 Nf5 11. Bg4 Nfd4 12. Nxd4 Nxd4 13. Qd3 Bc5 14. Ne4 Be7
15. Bd2 Qxb2 16. O-O Nc2 17. Bc3 Qb6+ 18. Kh1 Nxa1 19. Bxa1 h5 20. Bf3 Rh6 21.
h3 Rb8 22. Rd1 Kf8 23. f5 exf5 24. Nd6 Re6 25. Qxf5 Bxd6 26. exd6 Qe3 27. Rf1 f6
28. Qxh5 Qh6 29. Qa5 Qh4 30. Kg1 Qg3 31. Qd8+ Re8 32. Qc7 Ra8 33. Bh5 Qe3+ 34.
Kh2 Qb6 35. Qxb6 axb6 36. Bxe8 Kxe8 37. Re1+ Kf8 38. Bd4 b5 39. cxb5 b6 40. Ra1
Ra4 41. Bxb6 Bb7 42. a3 Bd5 43. Bf2 Rc4 44. a4 Rc2 45. Kg1 Ra2 46. Rd1 Bb3 47.
Rb1 Bc2 48. Rc1 Bxa4 49. Rc8+ Kf7 50. b6 Bc6 51. h4 f5 52. h5 Rb2 53. Bd4 Rxg2+
54. Kf1 Rg3 55. Kf2 Rd3 56. Bc5 Ke6 57. Rg8 Rh3 58. Rxg7 Rxh5 59. Kg3 f4+ 0-1

[Event "24th Dubai Open A 2024"]
[Site "Dubai UAE"]
[Date "2024.05.30"]
[Round "6.6"]
[White "Dai, Changren"]
[Black "Moroni, Luca Jr"]
[Result "1/2-1/2"]
[WhiteTitle "GM"]
[BlackTitle "GM"]
[WhiteElo "2510"]
[BlackElo "2580"]
[WhiteFideId "8608156"]
[BlackFideId "865834"]
[EventDate "2024.05.25"]

1. e4 c6 2. d4 d5 3. e5 Bf5 4. Nf3 e6 5. Be2 Nd7 6. O-O a5 7. Re1 a4 8. c3 h6 9.
Nbd2 Ne7 10. Nf1 Bg6 11. Ng3 c5 12. Bb5 a3 13. b3 Nc6 14. c4 Nb6 15. Be3 dxc4
16. bxc4 Be7 17. dxc5 Nd7 18. Nd4 Qc7 19. Bxc6 bxc6 20. Nb3 O-O 21. Bd4 Rfb8 22.
Nf1 Ra4 23. Nfd2 Rd8 24. Qf3 Nb8 25. Qc3 Qb7 26. Ne4 Bxe4 27. Rxe4 Na6 28. g3
Qb4 29. Rc1 Qxc3 30. Rxc3 h5 31. Kg2 g6 32. f4 Rd7 33. Kf3 Rd8 34. Re2 Kf8 35.
Ke4 Ke8 36. h3 Kd7 37. Rf2 Kc8 38. Re2 Kc7 1/2-1/2

[Event "24th Dubai Open A 2024"]
[Site "Dubai UAE"]
[Date "2024.05.30"]
[Round "6.7"]
[White "Gholami Orimi, Mahdi"]
[Black "Li, Di"]
[Result "1/2-1/2"]
[WhiteTitle "IM"]
[BlackTitle "GM"]
[WhiteElo "2470"]
[BlackElo "2563"]
[WhiteFideId "12558486"]
[BlackFideId "8607508"]
[EventDate "2024.05.25"]

1. d4 d5 2. c4 e6 3. Nc3 c6 4. e4 dxe4 5. Nxe4 c5 6. Nf3 cxd4 7. Qxd4 Bb4+ 8.
Bd2 Bxd2+ 9. Kxd2 Nc6 10. Qxd8+ Kxd8 11. Bd3 Ke7 12. Kc3 f5 13. Ng3 g6 14. Rhe1
Kf6 15. b4 a6 16. Bc2 Nh6 17. Rad1 Nf7 18. Ba4 Rd8 19. Bxc6 Rxd1 20. Rxd1 bxc6
21. Nd4 a5 22. Nxc6 axb4+ 23. Nxb4 Ne5 24. Rd4 Ng4 25. c5 Ra5 26. c6 Ke7 27. Rd2
Rc5+ 28. Kb3 e5 29. h3 Nf6 30. f3 Be6+ 31. Ka4 Nd5 32. Nxd5+ Bxd5 33. c7 Ke6 34.
Ne2 Rxc7 35. Kb4 Rb7+ 36. Kc5 Rc7+ 37. Kb4 g5 38. a4 h5 39. Ng3 f4 40. Ne4 Rb7+
41. Kc5 Rc7+ 42. Kb4 Rb7+ 43. Kc5 Rc7+ 44. Kb6 Rb7+ 45. Kc5 1/2-1/2

[Event "24th Dubai Open A 2024"]
[Site "Dubai UAE"]
[Date "2024.05.30"]
[Round "6.8"]
[White "Zhao, Yuanhe"]
[Black "Can, Emre"]
[Result "1/2-1/2"]
[WhiteTitle "IM"]
[BlackTitle "GM"]
[WhiteElo "2463"]
[BlackElo "2549"]
[WhiteFideId "8609497"]
[BlackFideId "6302181"]
[EventDate "2024.05.25"]

1. Nf3 Nf6 2. c4 g6 3. g3 Bg7 4. Bg2 O-O 5. O-O d6 6. Nc3 e5 7. d3 Nc6 8. Rb1 a5
9. a3 Re8 10. b4 axb4 11. axb4 e4 12. dxe4 Nxe4 13. Nxe4 Rxe4 14. b5 Nd4 15.
Nxd4 Rxd4 16. Qb3 Bf5 17. Be3 Bxb1 18. Rxb1 Ra7 19. b6 cxb6 20. Bd5 Ra5 21. Bxd4
Bxd4 22. Qf3 Qc7 23. Rb3 Kg7 24. Kg2 Qe7 25. Qf4 Be5 26. Qe3 Qf6 27. Qd2 Qd8 28.
Rf3 f6 29. Rb3 f5 30. Qe3 Rc5 31. f4 Bf6 32. Kf1 b5 33. Qe6 Rc7 34. Rxb5 Re7 35.
Rxb7 Rxb7 36. Bxb7 Qe7 37. Qxe7+ 1/2-1/2

[Event "24th Dubai Open A 2024"]
[Site "Dubai UAE"]
[Date "2024.05.30"]
[Round "6.9"]
[White "Indjic, Aleksandar"]
[Black "Durak, Can"]
[Result "1-0"]
[WhiteTitle "GM"]
[BlackTitle "IM"]
[WhiteElo "2603"]
[BlackElo "2434"]
[WhiteFideId "911925"]
[BlackFideId "44552971"]
[EventDate "2024.05.25"]

1. Nf3 d5 2. g3 Nf6 3. Bg2 e6 4. O-O c5 5. c4 d4 6. e3 Nc6 7. exd4 cxd4 8. d3
Bd6 9. Na3 O-O 10. Nc2 e5 11. b4 Re8 12. Re1 a6 13. c5 Bc7 14. Bg5 Bf5 15. a4 h6
16. Bxf6 Qxf6 17. b5 axb5 18. axb5 Rxa1 19. Qxa1 Ne7 20. b6 Bb8 21. Nb4 Rc8 22.
Rc1 Qe6 23. Nd2 Qd7 24. Nb3 Be6 25. c6 Nxc6 26. Nxc6 bxc6 27. Nc5 Qe8 28. b7 Rd8
29. Nxe6 Qxe6 30. Rxc6 Qd7 31. Qa6 f5 32. Rc8 Kf7 33. g4 fxg4 34. Be4 Kf8 35.
Bf5 Qe7 36. Qb6 1-0

[Event "24th Dubai Open A 2024"]
[Site "Dubai UAE"]
[Date "2024.05.30"]
[Round "6.10"]
[White "Vakhidov, Jakhongir"]
[Black "Rathanvel, V S"]
[Result "1-0"]
[WhiteTitle "GM"]
[BlackTitle "IM"]
[WhiteElo "2599"]
[BlackElo "2471"]
[WhiteFideId "14201801"]
[BlackFideId "25002112"]
[EventDate "2024.05.25"]

1. d4 Nf6 2. c4 e6 3. Nc3 d5 4. cxd5 Nxd5 5. e4 Nxc3 6. bxc3 c5 7. Rb1 Be7 8.
Nf3 O-O 9. Bc4 Qc7 10. Bb3 b6 11. O-O Nc6 12. d5 Na5 13. Bc2 Ba6 14. e5 exd5 15.
Re1 Rae8 16. h3 d4 17. cxd4 cxd4 18. Be4 h6 19. Nxd4 Rd8 20. Bxh6 Rxd4 21. Qxd4
gxh6 22. Qe3 Bg5 23. Qg3 Kh8 24. Rbd1 Qe7 25. Bb1 Rg8 26. Qf3 Bb7 27. Qf5 Rg7
28. e6 Bh4 29. g4 Nc6 30. Rd7 fxe6 31. Rxe6 Qg5 32. Re8+ 1-0

[Event "24th Dubai Open A 2024"]
[Site "Dubai UAE"]
[Date "2024.05.30"]
[Round "6.11"]
[White "Srihari, L R"]
[Black "Wang, Yanbin"]
[Result "1-0"]
[WhiteTitle "IM"]
[WhiteElo "2485"]
[BlackElo "2415"]
[WhiteFideId "46617116"]
[BlackFideId "8617996"]
[EventDate "2024.05.25"]

1. Nf3 d5 2. d4 Nf6 3. c3 e6 4. Bg5 Nbd7 5. Nbd2 h6 6. Bh4 Be7 7. e3 O-O 8. Bd3
b6 9. a4 c5 10. O-O Bb7 11. Qb1 Qc7 12. Re1 Rfe8 13. Bg3 Bd6 14. Bxd6 Qxd6 15.
e4 e5 16. dxe5 Nxe5 17. Nxe5 Qxe5 18. Nf3 Qf4 19. e5 Nd7 20. Bh7+ Kh8 21. Qf5
Qxf5 22. Bxf5 Nf8 23. a5 Bc6 24. h4 g6 25. Bh3 Ne6 26. Bxe6 Rxe6 27. axb6 axb6
28. Rxa8+ Bxa8 29. Ra1 Bc6 30. Ra6 Bb5 31. Ra8+ Kg7 32. Rd8 Bc6 33. Kh2 f6 34.
exf6+ Kxf6 35. Rb8 d4 36. Nd2 dxc3 37. bxc3 Bb5 38. f4 Be2 39. Kg3 g5 40. hxg5+
hxg5 41. Nf3 gxf4+ 42. Kxf4 Bxf3 43. gxf3 Rd6 44. Ke4 c4 45. f4 Ke6 46. f5+ Kf6
47. Rb7 Rc6 48. Rh7 Kg5 49. Rg7+ Kh6 50. Rg1 Rd6 51. Ke5 Rd3 52. f6 Rxc3 53. Rf1
Re3+ 54. Kd6 Rd3+ 55. Kc7 1-0

[Event "24th Dubai Open A 2024"]
[Site "Dubai UAE"]
[Date "2024.05.30"]
[Round "6.12"]
[White "Hakobyan, Erik"]
[Black "Sanikidze, Tornike"]
[Result "1-0"]
[WhiteTitle "FM"]
[BlackTitle "GM"]
[WhiteElo "2335"]
[BlackElo "2453"]
[WhiteFideId "13313940"]
[BlackFideId "13602608"]
[EventDate "2024.05.25"]

1. e4 e5 2. Nf3 Nc6 3. Bb5 a6 4. Ba4 Nf6 5. O-O Be7 6. d3 b5 7. Bb3 d6 8. Bd2
O-O 9. h3 Be6 10. Nc3 Re8 11. Nd5 Nb8 12. Ne3 Nbd7 13. c3 Bxb3 14. axb3 Nc5 15.
Qc2 g6 16. b4 Ne6 17. Ra2 c6 18. Rfa1 Nc7 19. Nf1 Bf8 20. Be3 Rb8 21. N1d2 d5
22. Nb3 Nd7 23. Na5 Qf6 24. d4 exd4 25. Bxd4 Qe6 26. e5 c5 27. bxc5 Nxc5 28. Be3
Rbc8 29. Nb3 Ne4 30. Rd1 b4 31. cxb4 Bxb4 32. Nbd4 Qd7 33. Qb1 a5 34. Nh2 h5 35.
Nhf3 Ne6 36. Ra1 Nxd4 37. Rxd4 Qb7 38. Rd3 Nc5 39. Bxc5 Bxc5 40. Qa2 Red8 41.
Rad1 Bb6 42. R3d2 Rc4 43. Re1 a4 44. e6 Ba5 45. b4 Bxb4 46. Qb1 Re8 47. Rde2 Re4
48. Rxe4 dxe4 49. Rxe4 Rb8 50. exf7+ Kxf7 51. Ne5+ Kf6 52. Re3 Rg8 53. Qa1 Kg5
54. Qc1 Kh6 55. Rc3+ Kh7 56. Rc7+ 1-0

[Event "24th Dubai Open A 2024"]
[Site "Dubai UAE"]
[Date "2024.05.30"]
[Round "6.13"]
[White "Zhu, Jiner"]
[Black "Sibashvili, Giorgi"]
[Result "1/2-1/2"]
[WhiteTitle "GM"]
[BlackTitle "IM"]
[WhiteElo "2476"]
[BlackElo "2423"]
[WhiteFideId "8608059"]
[BlackFideId "13602799"]
[EventDate "2024.05.25"]

1. e4 c5 2. Nf3 d6 3. d4 cxd4 4. Nxd4 Nf6 5. Nc3 Nc6 6. Bc4 Qb6 7. Nb3 e6 8. Bf4
Ne5 9. Be2 Bd7 10. Qd2 Be7 11. O-O-O O-O 12. Be3 Qc7 13. Bg5 Rfd8 14. Bxf6 gxf6
15. f4 Nc4 16. Bxc4 Qxc4 17. f5 Kh8 18. Rhf1 b5 19. Qh6 b4 20. Rf4 Bf8 21. Qh5
bxc3 22. Rh4 h6 23. e5 cxb2+ 24. Kb1 Qc7 25. exd6 Qc3 26. Qxf7 Rac8 27. Nd4 Ba4
28. Qxf6+ Bg7 29. Rxh6+ Kg8 30. Qxe6+ Kf8 31. Qe7+ 1/2-1/2

[Event "24th Dubai Open A 2024"]
[Site "Dubai UAE"]
[Date "2024.05.30"]
[Round "6.14"]
[White "Mendonca, Leon Luke"]
[Black "Piliposyan, Robert"]
[Result "1/2-1/2"]
[WhiteTitle "GM"]
[BlackTitle "FM"]
[WhiteElo "2640"]
[BlackElo "2364"]
[WhiteFideId "35028561"]
[BlackFideId "13309978"]
[EventDate "2024.05.25"]

1. e4 c5 2. Nf3 e6 3. d4 cxd4 4. Nxd4 Nf6 5. Nc3 Nc6 6. a3 Be7 7. Be2 O-O 8. Be3
d6 9. Qd3 Nxd4 10. Bxd4 e5 11. Be3 Be6 12. O-O-O Rc8 13. f3 Qa5 14. Qb5 Qxb5 15.
Nxb5 d5 16. Nxa7 Ra8 17. Nb5 Rfc8 18. Bg5 d4 19. f4 Bc5 20. Bxf6 gxf6 21. b4 Be7
22. Kb2 Bxb4 23. Rd3 Be7 24. f5 Bd7 25. Rb3 Ra5 26. Ra1 Bc5 27. Kc1 Bc6 28. Bd3
Kf8 29. Kd2 Ke7 30. Ke2 Rca8 31. Kf3 Bxb5 32. Bxb5 Rxa3 33. Raxa3 Rxa3 34. Rxa3
Bxa3 35. Bc4 Bc1 1/2-1/2

[Event "24th Dubai Open A 2024"]
[Site "Dubai UAE"]
[Date "2024.05.30"]
[Round "6.15"]
[White "Beydullayeva, Govhar"]
[Black "Safarli, Eltaj"]
[Result "0-1"]
[WhiteTitle "WGM"]
[BlackTitle "GM"]
[WhiteElo "2411"]
[BlackElo "2594"]
[WhiteFideId "13413015"]
[BlackFideId "13402129"]
[EventDate "2024.05.25"]

1. d4 Nf6 2. c4 e6 3. Nf3 h6 4. g3 d5 5. Bg2 Bd6 6. O-O O-O 7. Qc2 Nc6 8. c5 Be7
9. a3 a5 10. Rd1 Ne4 11. Nc3 f5 12. Rb1 Bd7 13. Bd2 Bf6 14. e3 Be8 15. Ne2 g5
16. b4 axb4 17. axb4 Ne7 18. b5 Bg6 19. Nc1 f4 20. Nd3 Nxf2 21. Kxf2 fxe3+ 22.
Bxe3 g4 23. Ra1 Rxa1 24. Rxa1 Be4 25. Qd2 gxf3 26. Bh3 Nf5 27. Bxf5 Bxf5 28. Ne5
h5 29. Bh6 Re8 30. Ra7 Qe7 31. Rxb7 Bxe5 32. dxe5 Qxc5+ 33. Be3 Qc4 34. Bh6 Bg6
35. b6 Qa6 36. Ra7 Qxb6+ 37. Be3 c5 38. Qa2 Rb8 39. Ra6 Qb4 40. Rxe6 Be4 41. Rf6
Qb2+ 42. Qxb2 Rxb2+ 43. Kg1 Rg2+ 44. Kf1 Bd3+ 0-1

[Event "24th Dubai Open A 2024"]
[Site "Dubai UAE"]
[Date "2024.05.30"]
[Round "6.16"]
[White "George Micheal, Kevin"]
[Black "Ioannidis, Evgenios"]
[Result "0-1"]
[WhiteTitle "IM"]
[BlackTitle "GM"]
[WhiteElo "2258"]
[BlackElo "2518"]
[WhiteFideId "10669515"]
[BlackFideId "4229274"]
[EventDate "2024.05.25"]

1. e4 e6 2. d4 d5 3. Nd2 c5 4. Ngf3 cxd4 5. Nxd4 Nc6 6. Bb5 Bd7 7. Nxc6 bxc6 8.
Bd3 Qc7 9. Qe2 Ne7 10. Nf3 Ng6 11. O-O Be7 12. e5 O-O 13. b3 c5 14. c4 d4 15.
Re1 Bc6 16. Ng5 a5 17. Qh5 Bxg5 18. Qxg5 a4 19. Ba3 Qa5 20. Bxg6 fxg6 21. Qe7
axb3 22. axb3 Qd2 23. Qxe6+ Kh8 24. Qxc6 Qxf2+ 25. Kh1 Rxa3 26. h3 d3 27. Rad1
d2 28. Rg1 Rxb3 29. e6 Re3 30. Qd6 Re1 31. Qh2 Rxe6 32. Rb1 Re1 33. Rd1 Rfe8 34.
h4 Rxd1 35. Rxd1 Re1+ 0-1

[Event "24th Dubai Open A 2024"]
[Site "Dubai UAE"]
[Date "2024.05.30"]
[Round "6.17"]
[White "Goh, Zi Han"]
[Black "Muthaiah, AL"]
[Result "0-1"]
[WhiteTitle "FM"]
[BlackTitle "IM"]
[WhiteElo "2306"]
[BlackElo "2493"]
[WhiteFideId "5819156"]
[BlackFideId "5092442"]
[EventDate "2024.05.25"]

1. d4 Nf6 2. c4 e6 3. g3 d5 4. Bg2 dxc4 5. Nf3 a6 6. O-O Nc6 7. e3 Bd7 8. Qe2
Bd6 9. Qxc4 O-O 10. Rd1 Qe7 11. Nc3 h6 12. Qe2 Rad8 13. e4 e5 14. d5 Na7 15. a4
Nc8 16. h3 Bb4 17. Ne1 c6 18. Nd3 0-1

[Event "24th Dubai Open A 2024"]
[Site "Dubai UAE"]
[Date "2024.05.30"]
[Round "6.18"]
[White "Mammadzada, Gunay"]
[Black "Liyanage, Ranindu Dilshan"]
[Result "1/2-1/2"]
[WhiteTitle "IM"]
[BlackTitle "IM"]
[WhiteElo "2436"]
[BlackElo "2352"]
[WhiteFideId "13403729"]
[BlackFideId "9915834"]
[EventDate "2024.05.25"]

1. Nf3 d5 2. d4 Nf6 3. c4 e6 4. g3 Bb4+ 5. Bd2 a5 6. Bg2 O-O 7. a3 Be7 8. Qc2
dxc4 9. Qxc4 b6 10. Nc3 Bb7 11. O-O Nbd7 12. Bg5 c5 13. Rfd1 Qe8 14. Qb3 Nd5 15.
Ne4 cxd4 16. Bxe7 Qxe7 17. Nxd4 a4 18. Qc2 Rfc8 19. Nc3 N7f6 20. Nxd5 Bxd5 21.
Qd3 Bxg2 22. Kxg2 Qb7+ 23. Kg1 Qd5 24. Rac1 h6 25. Nc6 Qxd3 26. Rxd3 Kf8 27. f3
Rc7 28. e4 Rac8 29. Rdc3 Nd7 30. Kf2 Nc5 31. Nb4 Rd7 32. Ke3 Rcd8 33. h4 Rd2 34.
R3c2 R2d6 35. Rc3 Rd2 36. R3c2 R2d6 37. Rc3 1/2-1/2

[Event "24th Dubai Open A 2024"]
[Site "Dubai UAE"]
[Date "2024.05.30"]
[Round "6.19"]
[White "Dimakiling, Oliver"]
[Black "Zhai, Mo"]
[Result "1/2-1/2"]
[WhiteTitle "IM"]
[BlackTitle "WGM"]
[WhiteElo "2425"]
[BlackElo "2348"]
[WhiteFideId "5202248"]
[BlackFideId "8600201"]
[EventDate "2024.05.25"]

1. c4 Nf6 2. Nf3 e6 3. Nc3 d5 4. d4 Nbd7 5. Qd3 dxc4 6. Qxc4 a6 7. Bf4 c5 8.
dxc5 Bxc5 9. e3 b5 10. Qb3 Bb7 11. Be2 O-O 12. O-O Qe7 13. Rfd1 h6 14. Bg3 Rac8
15. Nd4 Nb6 16. Bf3 Nc4 17. a3 Rfd8 18. Bh4 Bxd4 19. Bxb7 Na5 20. Qc2 Nxb7 21.
exd4 Rc4 22. Qd3 Nc5 23. Qe3 Nb3 24. Ne4 Nxa1 25. Nxf6+ gxf6 26. h3 Rd5 27. Rxa1
Rcxd4 28. Qxh6 Qf8 29. Qxf6 Qg7 30. Qe7 Rd7 31. Qe8+ Kh7 32. Qc8 Rd1+ 33. Rxd1
Rxd1+ 34. Kh2 Qe5+ 35. Bg3 Qe1 36. Qc2+ Kg8 37. Bf4 Rd5 38. Be3 Qa5 39. Qc8+ Kg7
40. Qc6 b4 41. a4 Rd3 42. Bc5 Qd8 43. Qe4 Qd5 44. Qxb4 Qe5+ 45. f4 Qd5 46. Be7
Kg6 47. Qb8 e5 48. Qg8+ Kf5 49. Qg4+ Ke4 50. fxe5+ Kxe5 51. Bb4 Kf6 52. Bc3+ Ke7
53. Qf4 Kd7 54. h4 Qe6 55. a5 Rd5 56. Qa4+ Kd8 57. Qb4 Rb5 58. Qf4 Kc8 59. Qg3
Kb7 60. Qf3+ Kb8 61. g4 Rc5 62. h5 Rc4 63. Kh3 Rc5 64. Kh4 f5 65. Qf4+ Kc8 66.
Bd4 Rc4 67. Kg5 fxg4 68. Qf8+ Kb7 69. Qg7+ Rc7 70. Qf6 Qxf6+ 71. Kxf6 Rd7 72.
Bf2 Rd2 73. Bh4 Rxb2 74. h6 Kc6 75. Bg3 Rb7 76. Kg5 Kb5 77. Kxg4 Kxa5 78. Kg5
Rh7 79. Kg6 1/2-1/2